Health and Safety Commission and Health and Safety Executive merge to form a single regulatory body (Record no. 80028)

MARC details
000 -LEADER
fixed length control field 00988cab a22002175a 4500
001 - CONTROL NUMBER
control field L143034
008 - FIXED-LENGTH DATA ELEMENTS--GENERAL INFORMATION
fixed length control field 080403e20080401xxk f f000 0 eng d
035 ## - SYSTEM CONTROL NUMBER
System control number (Sirsi) u143034
041 0# - LANGUAGE CODE
Language code of text/sound track or separate title eng
110 1# - MAIN ENTRY--CORPORATE NAME
Corporate name or jurisdiction name as entry element United Kingdom
Subordinate unit Department for Work and Pensions
9 (RLIN) 5352
245 00 - TITLE STATEMENT
Title Health and Safety Commission and Health and Safety Executive merge to form a single regulatory body
Medium [electronic resource]
260 ## - PUBLICATION, DISTRIBUTION, ETC.
Date of publication, distribution, etc. 2008
490 ## - SERIES STATEMENT
Series statement Department for Work and Pensions Press Release
Volume/sequential designation 1 April 2008
520 ## - SUMMARY, ETC.
Summary, etc. Reports that the resulting merged body will be called the Health and Safety Executive. Explains details of the resulting reorganisation and strategic alterations.
590 ## - LOCAL NOTE (RLIN)
Local note KA
650 24 - SUBJECT ADDED ENTRY--TOPICAL TERM
Topical term or geographic name entry element LEGISLATIVE AND REGULATORY REFORM ACT 2006
651 #4 - SUBJECT ADDED ENTRY--GEOGRAPHIC NAME
Geographic name United Kingdom
Chronological subdivision
690 ## - LOCAL SUBJECT ADDED ENTRY--TOPICAL TERM (OCLC, RLIN)
Topical term or geographic name as entry element Health and safety
9 (RLIN) 6244
856 40 - ELECTRONIC LOCATION AND ACCESS
Uniform Resource Identifier <a href="https://www.dwp.gov.uk/mediacentre/pressreleases/2008/apr/emp070-010408.asp">https://www.dwp.gov.uk/mediacentre/pressreleases/2008/apr/emp070-010408.asp</a>
Public note View the press release free of charge at www.dwp.gov.uk...
942 ## - ADDED ENTRY ELEMENTS (KOHA)
Suppress in OPAC 0
Holdings
Withdrawn status Lost status Source of classification or shelving scheme Damaged status Not for loan Home library Current library Shelving location Date acquired Total Checkouts Full call number Barcode Date last seen Copy number Price effective from Koha item type
    Dewey Decimal Classification     Virtual Virtual Online 03/04/2008   ONLINE PUBLICATION 143034-1001 06/08/2019 1 06/08/2019 Journal article